000 00749nam a2200205 a 4500
008 120416s1996 ||||||||||||||||| || u
020 _a0750625716
050 _aHD 31 Bow
100 _aJarrett, Michael
245 1 0 _aManagement in practice
246 _aa framework for managing organizational change
250 _a3rd ed.
260 _aOxford
_bButterworth-Heinemann
_c1996
300 _avii, 247p. : ill.
350 _a0.00
500 _aRev. ed. of: Management. Rev. ed. 1993. -Includes bibliographical references and index.
650 0 _aMANAGEMENT
700 _aBowman, Cliff
995 _D0.00
_FCBU-MAIN LIBRARY (Kitwe)
_H1
_I35.90
_M1
_UAVAILABLE
_ZMain Library Open Access Collection
999 _c49931
_d49931